1203 1113 1075 1613 1161 1718 1867 1251 1772 1215 1251 1730 1611 1365 1468 1892 1561 1108 1557 1657 1469 1945 1646 1736 1101 1967 1458 1180 1460 1772 1234 1598 1669 1432 1426 1944 1464 1230 1084 1526 1918 1539 1188 1445 1265 1575 1880 1295 1879 1774 1817 1200 1605 1389 1397 1876 1408 1691 1134 1244 1352 1900 1994 1780 1922 1177 1270 1018 1808 1564 1323 1520 1855 1328 1346 1389 1392 1930 1483 1257 1262 1143 1812 1407 1570 1826 1410 1625 1555 1253 1525 1599 1931 1303 1237 1820 1996 1031 1126 BCNSPRNW ULIB Ver.6.0+V

เปลี่ยนเป็นภาษาไทย

Change to English
 แสดงรายละเอียดบรรณานุกรม
  กลับหน้าหลัก

Brief Record : Get Marc (ISO 2709) : E-mail record : QR code < ปิดหน้าต่าง
LEADER : 00000nam 2200000uu 4500
001    13399111534
003     ULIB
008    110630s||||||||th 000 0 tha d
020    9749461606
020    9789749461600
050  4 BQ7640.S64^bซ911ป 2549
100 1  รินโปเช, โซเกียล
245 10 ประตูสู่สภาวะใหม่ :^bคำสอนธิเบตเพื่อเตรียมตัวตายและช่วยเหลือผู้ใกล้ตาย /^cโซเกียล รินโปเช ; พระไพศาล วิสาโล, แปล
250    พิมพ์ครั้งที่ 4
260    กรุงเทพฯ :^bมูลนิธิโกมลคีบทอง,^c2549
300    388 หน้า ;^c21 ซม.
650  0 Buddhism
650  0 Buddhism^xDoctrines
650  0 Dharma (Buddhism)
650  7 ความตาย
650  7 ความตาย^xแง่ศาสนา^xพุทธศาสนา
650  7 พุทธศาสนา^vธิเบต
700 0  พระไพศาล วิสาโล
945    ^p220^l0^i026688
995    ทศพร
999 ^a ใช้งานได้ทุกระบบ
รายการนี้ยังไม่มีแท็ก
คุณยังไม่ได้ล็อกอิน คุณสามารถมีกิจกรรมร่วมกับเว็บไซต์ได้ แต่ต้องล็อกอินก่อน ::
  ล็อกอิน

รายการสื่อสารสนเทศ

ลำดับที่ ประเภท เลขเรียก/บาร์โค้ด สถานที่ สถานะ
- ไม่พบข้อมูล -

รายการใกล้เคียง
    ผู้แต่ง [รินโปเช, โซเกียล]

    หัวเรื่อง [Buddhism]
    หัวเรื่อง [Dharma (Buddhism)]
    หัวเรื่อง [ความตาย]

BibComment


ยังไม่เคยถูกคอมเมนท์

คอมเมนท์ทรัพยากรรายการนี้
  คอมเมนท์: ประตูสู่สภาวะใหม่..


 Copyright 2026. Bcnsprnw @Library